1892 1834 1287 1058 1125 1305 1278 1670 1911 1680 1985 1568 1913 1881 1967 1381 1558 1951 1248 1964 1253 1494 1384 1254 1133 1350 1235 1086 1191 1546 1663 1015 1142 1066 1976 1766 1298 1759 1423 1978 1948 1674 1245 1331 1727 1594 1805 1610 1577 1338 1706 1780 1363 1686 1553 1342 1991 1683 1777 1673 1891 1894 1877 1643 1180 1005 1085 1890 1325 1234 1239 1377 1593 1466 1073 1874 1405 1661 1270 1736 1285 1336 1527 1819 1802 1729 1630 1271 1165 1592 1876 1204 1232 1563 1168 1954 1040 1824 1516 BCNSPRNW ULIB Ver.6.0+V

เปลี่ยนเป็นภาษาไทย

Change to English
 แสดงรายละเอียดบรรณานุกรม
  กลับหน้าหลัก

Brief Record : Get Marc (ISO 2709) : E-mail record : QR code < ปิดหน้าต่าง
LEADER : 00000nam 2200000uu 4500
001    13399114992
003     ULIB
008    120627s2552||||th 000 0 tha d
020    ^a9786160600519
090    ^aนว.^bม576L 2552
100 0  ^aมิ้นตี้
245 00 ^aLittle Belief ภารกิจลับปลุกชีพจรรัก/^cมิ้นตี้
250    ^aพิมพ์ครั้งที่ 1
260    ^aกรุงเทพฯ :^bแจ่มใส,^c2552
300    ^a209 หน้า
710 1  ^aแจ่มใส
945    ^p159^l0^i16302
995    ^aกัณชพร
999    ^aใช้งานได้ทุกระบบ
รายการนี้ยังไม่มีแท็ก
คุณยังไม่ได้ล็อกอิน คุณสามารถมีกิจกรรมร่วมกับเว็บไซต์ได้ แต่ต้องล็อกอินก่อน ::
  ล็อกอิน

รายการสื่อสารสนเทศ

ลำดับที่ ประเภท เลขเรียก/บาร์โค้ด สถานที่ สถานะ
- ไม่พบข้อมูล -

รายการใกล้เคียง
    ผู้แต่ง [มิ้นตี้]

BibComment


ยังไม่เคยถูกคอมเมนท์

คอมเมนท์ทรัพยากรรายการนี้
  คอมเมนท์: Little Belief ภา..


 Copyright 2026. Bcnsprnw @Library